[Event "Sarajevo Bosnia 28th"]
[Site "Sarajevo"]
[Date "1998.05.30"]
[Round "2"]
[White "Kurajica, Bojan"]
[Black "Kortschnoj, Viktor Lvovich"]
[Result "0-1"]
[WhiteElo "2580"]
[BlackElo "2625"]
[Annotator "Kortschnoj,V"]
[PlyCount "79"]
[EventDate "1998.05.29"]
[EventType "tourn"]
[EventRounds "9"]
[EventCountry "BIH"]
[EventCategory "15"]
[SourceTitle "CBM 066"]
[Source "ChessBase"]
[SourceDate "1998.09.30"]
[SourceVersion "1"]
[SourceVersionDate "1998.09.30"]
[SourceQuality "1"]

1. Nf3 {Lukacs} Nf6 2. d4 c5 3. c3 {Lukacs: This cautios setup cannot be
enough for an advantage. On the other hand with passive play avoiding any risk
the draw is also not that easy to make.} e6 4. g3 $6 (4. Bg5) (4. Bf4) 4... Nc6
5. Bg2 d5 6. O-O {Lukacs: White is playing the Schlechter line of the Slav
with a tempo plus. Usually  playing a Black setup with White doesn't give any
advantage because of the passivity.} Be7 7. a3 $6 {Lukacs: This is again a bit
passive move preparing dxc5 and b2-b4.} (7. Bg5) (7. Be3) (7. dxc5 {Lukacs}
Bxc5 8. Bg5 h6 9. Bxf6 Qxf6 10. Nbd2 {/\ e4 is the typical reaction in the
Schlechter.}) 7... O-O (7... b6 $5 {Lukacs /\} 8. dxc5 bxc5 {Lukacs: with a
strong [+] for Black was a serious alternative avoiding simplifications.}) 8.
dxc5 (8. b4 cxd4 9. cxd4 Ne4 $15) 8... Bxc5 9. b4 Bb6 10. Bb2 {Lukacs: The B
on b2 remains very passive during the whole game, White has no time for the
freeing move c3-c4.} (10. Nbd2 {Lukacs /\ c4} e5 11. b5 e4 12. bxc6 exf3 13.
Nxf3 (13. cxb7 fxe2 14. Qxe2 Bxb7 15. Bb2 {- 10.Bb2}) 13... bxc6 {and the B is
at least not so passive as in the game.} 14. Bf4 Re8 $15 {with a pressure on
the central squares.}) (10. c4 {Lukacs leads to problems of development after}
dxc4 11. Qc2 e5 12. Qxc4 e4 $36) 10... e5 $1 $15 {Lukacs: Black grabs
immediately the |^ in the [+].} 11. b5 (11. c4 e4 12. Ng5 e3 13. cxd5 (13. f4
dxc4 $17) 13... exf2+ 14. Kh1 Ne7 $15) 11... e4 {Lukacs: When your piece is
attacked, attack your opponent's piece!} (11... Na5 12. Nxe5 Re8 $5 $44 (12...
Qe8 13. c4 dxc4 14. a4 Bf5 $15)) 12. bxc6 (12. Nd4 {Lukacs} Ne5 {>< c4}) 12...
exf3 13. cxb7 (13. Bxf3 $5 bxc6 14. c4 $15 Ba6 $1 {Lukacs otherwise the B
remains in entombment.} (14... dxc4 15. Bxc6 Bh3 16. Qxd8 Raxd8 17. Bxf6 gxf6
18. Rc1 {and White can still hold the game.}) 15. cxd5 cxd5 16. Nc3 Re8 $17)
13... fxe2 14. Qxe2 (14. bxa8=Q Bxf2+ $1 (14... exd1=Q {Lukacs} 15. Rxd1 {
fails to} Bxf2+ $1 16. Kxf2 Qb6+ $17) 15. Kh1 exd1=Q 16. Rxd1 Qb6 17. Z0 Ba6
$17) 14... Bxb7 15. Nd2 (15. c4 $142 $5 Re8 16. Qd1 $1 (16. Qd3 Ba6 $17) 16...
Rb8 17. Bxf6 Qxf6 18. Nd2 $15) 15... Re8 16. Qd3 Ne4 $1 $17 17. a4 (17. Nxe4
dxe4 18. Qxd8 Raxd8 19. Rfd1 {is not a very promising _|_ for White, for
example:} (19. Rad1 e3 20. Bxb7 e2 $17) 19... Ba6 20. Rxd8 Rxd8 21. Bxe4 Rd2
$17) (17. Nb3 {Lukacs is met by} Nxf2 $1 18. Rxf2 Bxf2+ 19. Kxf2 Qb6+) 17...
Qf6 (17... a5 $5 {Lukacs /\ Ba6}) 18. Nxe4 dxe4 19. Qc2 (19. Qe2 $6 {Lukacs}
Ba6 $1 20. c4 Qe6 {>< c4}) 19... Rac8 (19... Rad8) 20. a5 (20. c4 {Lukacs} Qe6)
20... Bc5 21. Rfe1 ({Lukacs: More persistant was to play for simplifications
after} 21. Ba3 {Lukacs} Ba6 22. Rfe1 Bd3 23. Qd2 Bxa3 24. Rxa3) 21... h5 (21...
h6) 22. c4 (22. Ra4 $2 e3 23. fxe3 Rxe3 24. Rxe3 Bxe3+ 25. Kh1 Qf1#) (22. Ba3 {
Lukacs is already late:} e3 23. Bxc5 Bxg2 24. Kxg2 Rxc5 $17) 22... Qg6 {
Lukacs: the strong central e4 P secures Black the active play, while White's c
o^ is only an additional target, not a threat.} 23. Kh1 Bb4 24. Re3 Qe6 25. Qd1
Bc5 26. Rb3 Ba8 27. Qxh5 Bxf2 {Lukacs: Now the strong e P becomes a monster!}
28. Qe2 e3 {Lukacs: This advanced o^ cuts the white camp into two parts.} 29.
Bxa8 Rxa8 30. Kg2 Rab8 $2 (30... Rad8 31. Z0 Rd2 $19) 31. Rxb8 Rxb8 32. Bc3
Qe4+ 33. Qf3 Qc2 (33... Qxc4 34. Rc1 Qe6 $17) 34. Bd4 Be1+ 35. Kh3 Bc3 36. Bxc3
Qxc3 37. Rf1 $2 (37. Rd1 $142 Re8 {Lukacs}) 37... Qxc4 38. Re1 Qe6+ 39. Qg4 f5
40. Qf3 $138 (40. Qf3 f4+ 41. Kg2 (41. Qg4 Qh6+ 42. Qh4 Qxh4+ 43. Kxh4 f3 44.
Rxe3 f2 45. Rf3 Rf8 $19) 41... Rb2+ 42. Kg1 Rf2 43. Qa8+ Kh7 44. gxf4 Qh3 45.
Qe4+ Kh6 $19) 0-1

[Event "Sarajevo Bosnia 28th"]
[Site "Sarajevo"]
[Date "1998.05.31"]
[Round "3"]
[White "Kortschnoj, Viktor Lvovich"]
[Black "Piket, Jeroen"]
[Result "1-0"]
[WhiteElo "2625"]
[BlackElo "2575"]
[Annotator "Donev,I"]
[PlyCount "155"]
[EventDate "1998.05.29"]
[EventType "tourn"]
[EventRounds "9"]
[EventCountry "BIH"]
[EventCategory "15"]
[SourceTitle "CBM 066"]
[Source "ChessBase"]
[SourceDate "1998.09.30"]
[SourceVersion "1"]
[SourceVersionDate "1998.09.30"]
[SourceQuality "1"]

1. d4 d5 2. c4 e6 3. Nc3 c6 4. Qb3 Nf6 (4... f5 $5) 5. Bg5 {Die Idee des
Anziehenden ist klar, er will im günstigsten Moment auf f6 nehmen und dann im
weiteren Partieverlauf das Zentrum durch e2-e4 beherrschen.} dxc4 $6 (5... Be7
$142 6. Nf3 Nbd7 7. e3 O-O $14) 6. Qxc4 b5 7. Bxf6 $1 {Wichtiger Zwischenzug.
Jetzt ist Schwarz gezwungen seine Bauernstruktur am Königsflügel
abzuschwaechen. Falls der Nachziehende 7...Qf6 spielt, so wird der Bc8
ungedeckt, dies würde dann eine kleine taktische Abwicklung erlauben: 8.Nb5!+ -
} gxf6 8. Qd3 Bb7 9. Nf3 a6 10. e3 c5 11. Be2 Nc6 12. O-O cxd4 13. exd4 {
Auf dem Brett entsteht eine Typische Mittelspielstellung mit weißem isolierten
d4 Damenbauer. Aber hier hat die Stellung einige eigene Nuancen: a) Weiß hat
Entwicklungsvorsprung b) Der schwarze König ist noch immer im Zentrum,
außerdem sind die schwarzen Bauernformationen an beiden Flügeln geschwächt. c)
Schwarz besitzt das Läuferpaar und hat einen ausgezeichneten Vorposten (d5)
vor dem weißen Isolani der gut für eine schwarze Leichtfigur geeignet ist. d)
Man kann sagen, daß die Stellung dynamisch Ausgeglichen ist.} Nb4 $1 {[%csl
Gd5][%cal Yb4d5,Yb7d5]} 14. Qd2 h5 15. a4 bxa4 16. Nxa4 Rb8 17. Rfd1 Bc6 18.
Ne1 $1 h4 19. Bf3 $1 {Schwarz hat das Mittelspiel nicht besonders gut gespielt
und allmählich, nach dem Tausch des weißfeldrigen Läufers, bekommt Weiß
Vorteil.} Bxf3 20. Nxf3 $14 h3 21. g3 {Selbstverständlich nicht die h - Linie
öffnen.} Rh5 22. Nc3 Be7 23. Qe2 Rb6 24. Ne1 Rh8 25. Rac1 f5 $6 {Schwächt die
wichtige Diagonale a1-h8.} (25... Kf8 $142) {[%tqu "De","Es ist höchste Zeit
die schlechte Lage der schwarze König auszunützen. Wie soll Weiß fortsetzten?",
"","","d4d5","",5]} 26. d5 $1 {Nach diese typische Durchbruch im Zentrum
übernimmt der Anziehende die Initiative.} exd5 27. Nxd5 Nxd5 28. Qe5 {[%cal
Ye5d5,Ye5h8,Ye5f5] Jetzt sieht man, warum 25...f5?! eine verdächtige Lösung
war.Dei weiße Dame greift mehrere schwarze ungedeckte Figuren an.} f6 29. Qxf5
$1 {[%cal Yc1c8,Yf5c8] Der Springer auf d5 hängt immer noch und droht auch 30.
Rc8 mit Gewinn.Schwarz hat praktisch keine wahl.} Qd7 30. Qxd7+ Kxd7 31. Rxd5+
Bd6 {Das entstandene Endspiel mit mehr Bauer ist für viele Schachspieler nicht
leicht zu realisieren. Aber für mehrfache Vize Weltmeister, das ist kein
Problem. Er zeigt Musterhaft wie man solche Endspiele gewinnen kann.} 32. Nd3
Ke6 33. Rd4 Be5 34. Re1 Kf5 35. Rd5 Rb5 36. Rxb5 ({Mir scheint das in folgende
Variante könnte Weiß noch leichter gewinnen können.} 36. Nxe5 $1 Rxd5 37. g4+ {
Jeder Königszug führt zum Turmverlust.} Kg5 (37... Kf4 38. Ng6+ $18) (37... Ke6
38. Ng6+ Kf7 39. Nxh8+ $18) 38. Nf7+ Kg6 39. Nxh8+ Kg7 40. Kf1 Kxh8 41. Re3 $18
) 36... axb5 37. Kf1 Bd6 38. Ke2 Rc8 ({Selbstverständlich darf Schwarz die
Türme nicht tauschen} 38... Re8+ 39. Kf3 Rxe1 40. Nxe1 $18 {weil das Endspiel
Läufer gegen Springer ist ganz leicht für Weiß gewonnen. Plan: Der Springer
geht nach g1und falls Kg4 folgt f3 mit Gewinn des h3 Bauer.}) 39. Kf3 Rd8 40.
Rd1 Be5 41. Ke2 Rc8 42. Ke3 Rc4 43. Ra1 Re4+ 44. Kd2 Rd4 45. f4 Bc7 46. Ke2 Bb6
47. Ra6 Re4+ 48. Kf1 Re3 49. Nf2 (49. Rxb6 $6 Rxd3 50. Rxb5+ Kg4 {/\Kf3} 51.
Ke2 Rxg3 $3 {und 52.hg3 geht nicht wegen 52...h2}) 49... Bc5 50. Rc6 Ba7 51.
Rc7 Bb6 52. Rb7 Re6 53. Nxh3 $18 Rc6 54. Nf2 b4 55. Nd3 b3 56. Nb4 Rd6 57. Ke2
Re6+ 58. Kd3 Bg1 59. Rh7 Re1 60. Rh5+ Kg4 61. Rh4+ Kf3 62. f5 Be3 63. Kc4 Re2
64. Kxb3 Bc1 65. Nc2 Rf2 66. Rc4 Bd2 (66... Rxh2 67. Ne1+ $18 {nebst Rc1}) 67.
Nd4+ Ke4 68. h4 Kd5 69. Nb5 Ke5 70. g4 Be3 71. Nc3 Bd4 72. h5 Rg2 73. h6 Rh2
74. Rc8 Be3 75. Re8+ Kd4 76. Rh8 Kd3 (76... Bxh6 77. g5 $1 fxg5 78. f6 $18) 77.
g5 fxg5 (77... Bxg5 78. h7 $18 {nebt Turmschach auf der achten Reihe.}) 78. f6
1-0

[Event "Sarajevo Bosnia 28th"]
[Site "Sarajevo"]
[Date "1998.06.03"]
[Round "6"]
[White "Dizdarevic, Emir"]
[Black "Kortschnoj, Viktor Lvovich"]
[Result "0-1"]
[WhiteElo "2540"]
[BlackElo "2625"]
[PlyCount "68"]
[EventDate "1998.05.29"]
[EventType "tourn"]
[EventRounds "9"]
[EventCountry "BIH"]
[EventCategory "15"]
[SourceTitle "CBM 066"]
[Source "ChessBase"]
[SourceDate "1998.09.30"]
[SourceVersion "1"]
[SourceVersionDate "1998.09.30"]
[SourceQuality "1"]

1. Nf3 c5 2. c4 Nc6 3. b3 e5 4. Nc3 g6 5. g3 Bg7 6. Bg2 d6 7. O-O f5 8. Rb1
Nge7 9. a3 O-O 10. Ne1 Be6 11. Nd5 e4 12. Nf4 Bf7 13. d3 d5 14. Nc2 exd3 15.
exd3 Qd7 16. Ne3 dxc4 17. dxc4 Rad8 18. Nfd5 Rfe8 19. Bb2 Nd4 20. b4 b6 21. Kh1
Nc8 22. bxc5 bxc5 23. Nc2 Nd6 24. Ba1 Nxc4 25. Nce3 Nxe3 26. Nxe3 Rb8 27. Qd3
Red8 28. Rfc1 Rb3 29. Qa6 Qc7 30. Bc3 Rd6 31. Qa4 Qd7 32. Qa5 Rdb6 33. Ra1 R3b5
34. Qa4 Bb3 0-1

[Event "Sarajevo Bosnia 28th"]
[Site "Sarajevo"]
[Date "1998.06.04"]
[Round "7"]
[White "Kortschnoj, Viktor Lvovich"]
[Black "Nikolic, Predrag"]
[Result "1-0"]
[WhiteElo "2625"]
[BlackElo "2635"]
[Annotator "Tyomkin,D"]
[PlyCount "97"]
[EventDate "1998.05.29"]
[EventType "tourn"]
[EventRounds "9"]
[EventCountry "BIH"]
[EventCategory "15"]
[SourceTitle "CBM 066"]
[Source "ChessBase"]
[SourceDate "1998.09.30"]
[SourceVersion "1"]
[SourceVersionDate "1998.09.30"]
[SourceQuality "1"]

1. d4 f5 2. c4 Nf6 3. Nc3 e6 4. e3 d5 5. Bd3 c6 6. Qc2 Bd6 7. f3 O-O 8. Nge2
Qc7 $146 (8... Nbd7 9. Bd2 Qe7 10. cxd5 Nxd5 11. a3 N7f6 12. h3 $6 e5 13. Nxd5
Nxd5 14. e4 fxe4 15. fxe4 Nb6 $15 {Bykhovsky,A-Vekshenkov,N/URS-ch Club
Pavlodar 1991/1/2-1/2(33)}) 9. cxd5 Nxd5 (9... cxd5 10. Nb5 Qxc2 11. Bxc2 Bb4+
12. Bd2 Bxd2+ 13. Kxd2 $14) 10. Qb3 (10. a3 $5 Nd7 11. Nxd5 cxd5 12. Qxc7 Bxc7
13. Bd2 Bd6 14. Kf2 Nf6 15. Bb4 $1 (15. Rhc1 Bd7 16. Bb4)) 10... Kh8 11. Bd2
Nd7 12. Rc1 Qb6 13. Bc4 N7f6 14. O-O Bd7 15. Na4 Qxb3 (15... Qc7 16. Nc5 $1 (
16. h3 $2 b5) (16. g3 $2 b5) 16... Bxh2+ (16... b5 17. Bd3 Bxh2+ 18. Kh1 Bd6
19. e4 $36) 17. Kh1 Bd6 18. Qxb7 Bxc5 19. Qxc7 Nxc7 20. dxc5 $14) 16. Bxb3 b6
17. Nac3 Rfe8 18. Ng3 (18. e4 $6 Nxc3 19. Nxc3 e5 $1) 18... Nxc3 19. Bxc3 c5
20. Rfd1 Rac8 21. d5 Bxg3 22. hxg3 Nxd5 23. Bxd5 exd5 24. Rxd5 Be6 25. Rd6 Rcd8
26. Rcd1 Rxd6 27. Rxd6 {That's hard to believe that Nicolic lost this ending!}
Kg8 28. a4 {[%cal Ga4a5]} Kf7 29. a5 b5 (29... bxa5 30. Ra6 Re7 31. Rxa5 c4 32.
Bd4 Rb7 $11) 30. Ra6 Re7 31. Rc6 b4 $2 (31... c4 32. Bd4 Rb7 33. a6 (33. Ra6 $2
b4 34. Bxa7 c3) 33... Rd7 34. Rc5 b4 35. Rb5 c3 $1) 32. Be1 Rd7 33. Rxc5 Rd1 (
33... Rd5 34. Rc1 b3 $1 $11 (34... Rxa5 35. Rc7+ Kg6 36. Bxb4 $16 {[%cal Gb4c3]
})) 34. Kf2 Rb1 $4 (34... Rd5 35. Rc6 b3 36. Bc3 Rd7 37. Bd4 Bd5 38. Ra6 Bc4
39. Rxa7 Rxa7 40. Bxa7 Ke6 41. Ke1 Kd5 42. Kd2 Bf1 $11) 35. Rc2 $18 {[%csl Ra7,
Rb4,Rg7]} Bb3 36. Rc7+ Kg8 37. Bxb4 Rxb2+ 38. Kg1 a6 39. Bc3 Rc2 40. Rxg7+ Kf8
41. Bd4 Ra2 42. Rxh7 Rxa5 43. Rh4 Be6 44. e4 fxe4 45. Rxe4 Kf7 46. g4 Ra2 47.
Rf4+ Kg8 48. g5 Bf7 49. Rf6 {[%cal Rg5g6]} 1-0

[Event "Sarajevo Bosnia 28th"]
[Site "Sarajevo"]
[Date "1998.06.05"]
[Round "8"]
[White "Kortschnoj, Viktor Lvovich"]
[Black "Kozul, Zdenko"]
[Result "1-0"]
[WhiteElo "2625"]
[BlackElo "2585"]
[Annotator "Kortschnoj,V"]
[PlyCount "59"]
[EventDate "1998.05.29"]
[EventType "tourn"]
[EventRounds "9"]
[EventCountry "BIH"]
[EventCategory "15"]
[SourceTitle "CBM 066"]
[Source "ChessBase"]
[SourceDate "1998.09.30"]
[SourceVersion "1"]
[SourceVersionDate "1998.09.30"]
[SourceQuality "1"]

1. d4 {Hazai} Nf6 2. c4 g6 3. Nc3 Bg7 4. e4 d6 5. f3 O-O 6. Bg5 c6 (6... Nc6) (
{The standard} 6... c5 {Hazai leads to the real theoretical fight.}) 7. Qd2
Nbd7 (7... a6 8. a4 a5 {Hazai: Black has gained some control over the dark
squares on the <<, but has lost some tempi, so White insert pressure in the
centre after} 9. f4 $16) 8. Nh3 $6 {In a Benoni setup with c5-d5 the correct
reply on Nbd7 is usually Nh3-f2. Here the structure is more flexible, so it is
not clear, whether this N is well-posted here or not.} (8. O-O-O $142 {Hazai:
leads to a sharp position with opposite castled Kings.} a6 9. e5 $16) 8... a6 {
/\ b7-b5} 9. d5 $146 {This intersting move is a bit against the principles.} (
9. Bh6 {Hazai} b5 (9... e5 $5 {comes into consideration immediately attacking
the centre. ''Thanks'' to Nh3 White cannot react with the usual Nge2 keeping
the tension.}) 10. Bxg7 Kxg7 11. Nf2 e5 12. Be2 (12. O-O-O Qe7 $6 {This is too
passive.} (12... Qb6 $5 {is more to the point, because Black has to create
counterchances on the <<, and in the [+].}) 13. g4 Bb7 14. dxe5 Nxe5 (14...
dxe5 $4 15. g5) 15. g5 Nh5 16. cxb5 axb5 17. f4 Nc4 18. Bxc4 bxc4 19. f5 $1 {
Now White's -> cannot be stopped.} f6 20. Qxd6 Qxd6 21. Rxd6 $18 fxg5 22. Rd7+
Rf7 23. Rhd1 Nf6 24. Rxf7+ Kxf7 25. fxg6+ Kxg6 26. Rd6 {1-0 Vaganian-Jackelen,
BL 1995}) 12... bxc4 (12... Qb6 13. Rd1 Bb7 (13... bxc4 14. Bxc4) 14. O-O Rad8
15. b3 Rfe8 16. Rfe1 Nf8 17. d5 $14 {and the N on f8 is misplaced, Genov-V.
Spasov, Bulgaria (ch) 1994.}) 13. Bxc4 Qb6 {(I.Sokolov-Piket, Manila (ol) 1992)
} 14. dxe5 $1 Nxe5 15. Be2 {/\ f4} d5 16. f4 Neg4 17. Nxg4 Nxg4 18. Bxg4 Bxg4
19. h3 $14) (9. Nf2 {Hazai} b5 (9... e5 $5) 10. Rc1 Bb7 (10... bxc4 11. Bxc4 d5
12. Bb3 $14) 11. b3 $1 Qa5 (11... Rc8 12. Be2 Ne8 13. O-O Nc7 14. Rfd1 Ne6 15.
Be3 b4 16. Na4 a5 17. c5 $16 {Lautier-Heime, Berlin op 1997}) 12. Be2 bxc4 13.
bxc4 Rfb8 14. O-O Bc8 15. f4 c5 16. d5 Rb4 17. Qe3 Qc7 18. Qg3 h6 19. Bh4 Rab8
20. Kh1 Nf8 21. e5 N6h7 22. e6 $16 {Yusupov-Piket, Hamburg 1991}) 9... cxd5 10.
cxd5 Nb6 $5 (10... b5 $13) (10... Ne5 $1 {Hazai} 11. Nf2 Re8 12. Be2 Bd7 13.
O-O Rc8 $13) 11. Nf2 e6 12. dxe6 {This move creates a weak d P, but Black can
activate his pieces.} (12. Be2 exd5 13. exd5 Qe8 14. O-O Nbxd5 15. Nxd5 Nxd5
16. Rfe1 Be6 17. Bc4 $44) 12... Bxe6 13. Rd1 (13. Be2 {Hazai accomplishing the
development was worthy of attention.}) 13... Qe8 $1 {The weak pawn on d6 is
usually not defended directly, but some counterplay has to be found.} 14. Be3 (
14. Be2 {Hazai} Nc4 15. Bxc4 Bxc4 16. b3 Be6 17. O-O $14) 14... Na4 (14... Nc4
{Hazai} 15. Bxc4 Bxc4 16. b3 Be6 17. O-O $14) 15. Nxa4 Qxa4 16. b3 Qa3 17. Be2
Rfc8 (17... a5 18. O-O a4 19. Bc4 $8 axb3 20. Bxe6 bxa2 21. Bxa2 Qxa2 22. Qxd6
$14) (17... Rac8 $5) 18. O-O Nd7 {Hazai: The d6 P is still weak, but Black has
a pressure on the <<.} 19. f4 Bc3 20. Qxd6 Bb4 (20... Qxa2 21. Bg4 $40) 21. Qd4
Bc3 $2 (21... Bc5 22. Qd2 Bb4 23. Qd3 Qxa2 24. Bg4 $36) (21... Qxa2 $142 $1 22.
Qxb4 Qxe2 $14) 22. Qd3 Qxa2 23. Bg4 $1 $16 {Hazai: Now the black pieces are
far from the >>, and White begins his -> against the undefended K.} Bxg4 (23...
Nf8 24. Bxe6 fxe6 (24... Nxe6 25. f5 $16) 25. Ng4 $40) 24. Nxg4 Nf6 25. Nh6+
Kg7 $1 26. e5 Ng8 {[#]} (26... Kxh6 27. f5+ g5 (27... Kg7 28. exf6+ Bxf6 29.
fxg6 hxg6 30. Rxf6 $18) 28. Bxg5+ Kxg5 29. Qe3+ Kh5 30. Rf4 $18) 27. Nxf7 $18 {
Hazai: Completely crushing Black's defence!} Bb4 (27... Kxf7 28. Qd7+ Ne7 29.
f5 $16) 28. f5 Rc3 29. f6+ Kf8 30. Qd7 1-0

[Event "Chess Classics Masters"]
[Site "Frankfurt"]
[Date "1998.06.17"]
[Round "4"]
[White "Kortschnoj, Viktor Lvovich"]
[Black "Portisch, Lajos"]
[Result "1-0"]
[WhiteElo "2625"]
[BlackElo "2600"]
[PlyCount "91"]
[EventDate "1998.06.17"]
[EventType "tourn (rapid)"]
[EventRounds "14"]
[EventCountry "GER"]
[EventCategory "14"]
[SourceTitle "CBM 065 Extra"]
[Source "ChessBase"]
[SourceDate "1998.09.09"]
[SourceVersion "1"]
[SourceVersionDate "1998.09.09"]
[SourceQuality "1"]

1. d4 d5 2. c4 e6 3. Nc3 Be7 4. Nf3 Nf6 5. Qc2 O-O 6. cxd5 Nxd5 7. e4 Nb4 8.
Qb3 c5 9. a3 N4c6 10. dxc5 Nd7 11. Be2 Nxc5 12. Qc2 e5 13. Nd5 Bg4 14. Be3 Ne6
15. O-O Bxf3 16. Bxf3 Ned4 17. Qd1 Bg5 18. Bg4 g6 19. f4 Bh6 20. Bxd4 exd4 21.
Qf3 Bg7 22. e5 Ne7 23. Nb4 Qb6 24. Kh1 Rad8 25. Qe4 a5 26. Nd3 Rfe8 27. f5 Qc6
28. Qxc6 Nxc6 29. f6 Bh6 30. e6 Rxe6 31. Bxe6 fxe6 32. f7+ Kf8 33. Rae1 Be3 34.
Nc5 Rd6 35. h4 Nd8 36. Ne4 Rd5 37. Nf6 Rf5 38. Nxh7+ Kxf7 39. g4 Rxf1+ 40.
Rxf1+ Kg7 41. Nf6 d3 42. Ne4 Nf7 43. Re1 d2 44. Rd1 Ne5 45. Kg2 Nxg4 46. Kf3
1-0

[Event "Chess Classics Masters"]
[Site "Frankfurt"]
[Date "1998.06.18"]
[Round "10"]
[White "Kortschnoj, Viktor Lvovich"]
[Black "Jussupow, Artur"]
[Result "1-0"]
[WhiteElo "2625"]
[BlackElo "2630"]
[PlyCount "122"]
[EventDate "1998.06.17"]
[EventType "tourn (rapid)"]
[EventRounds "14"]
[EventCountry "GER"]
[EventCategory "14"]
[SourceTitle "CBM 065 Extra"]
[Source "ChessBase"]
[SourceDate "1998.09.09"]
[SourceVersion "1"]
[SourceVersionDate "1998.09.09"]
[SourceQuality "1"]

1. c4 e5 2. g3 Nc6 3. Bg2 g6 4. Nc3 Bg7 5. d3 d6 6. e4 Be6 7. Nge2 Qd7 8. Nd5
Nd8 9. f4 c6 10. Ne3 Bh3 11. O-O Bxg2 12. Kxg2 Ne6 13. f5 Nd4 14. g4 Nf6 15. g5
Nh5 16. f6 Bf8 17. Nxd4 exd4 18. Ng4 O-O-O 19. Qf3 d5 20. cxd5 cxd5 21. Bf4 Bd6
22. Rac1+ Kb8 23. e5 Bc7 24. Rxc7 Qxc7 25. Rc1 Qb6 26. e6+ Ka8 27. e7 Qxb2+ 28.
Nf2 Rc8 29. Rxc8+ Rxc8 30. Be5 Qxa2 31. Qg4 Qc2 32. Qd7 Qc6 33. Qd8 b6 34. Ng4
Qe6 35. Kh3 Kb7 36. Kh4 a5 37. Bxd4 Nf4 38. e8=Q Rxd8 39. Qxd8 Ka6 40. Qe7 h5
41. Nf2 Kb5 42. Be5 Qf5 43. Qd6 Ng2+ 44. Kg3 Ne3 45. Bf4 Ng4 46. Nxg4 hxg4 47.
Kh4 Qxd3 48. Qd7+ Ka6 49. Bg3 Qe4 50. Qxg4 Qd3 51. Be5 Qc2 52. Qd4 Qc6 53. Kg3
a4 54. h4 a3 55. h5 Qc1 56. Bf4 Qe1+ 57. Qf2 Qc3+ 58. Qe3 d4 59. Qxc3 dxc3 60.
hxg6 a2 61. gxf7 a1=Q 1-0

[Event "Bad Homburg"]
[Site "Bad Homburg"]
[Date "1998.07.21"]
[Round "5"]
[White "Lobron, Eric"]
[Black "Kortschnoj, Viktor Lvovich"]
[Result "0-1"]
[WhiteElo "2540"]
[BlackElo "2625"]
[PlyCount "84"]
[EventDate "1998.07.17"]
[EventType "tourn"]
[EventRounds "9"]
[EventCountry "GER"]
[EventCategory "13"]
[SourceTitle "CBM 066"]
[Source "ChessBase"]
[SourceDate "1998.09.30"]
[SourceVersion "1"]
[SourceVersionDate "1998.09.30"]
[SourceQuality "1"]

1. d4 d5 2. Nf3 e6 3. c4 c5 4. cxd5 exd5 5. g3 Nc6 6. Bg2 Nf6 7. O-O Be7 8. Nc3
O-O 9. Bg5 cxd4 10. Nxd4 h6 11. Bf4 Bg4 12. h3 Be6 13. Nxe6 fxe6 14. e4 d4 15.
e5 dxc3 16. exf6 Bxf6 17. bxc3 Bxc3 18. Rb1 Qxd1 19. Rfxd1 Rad8 20. Rxd8 Nxd8
21. Be3 b6 22. Rd1 Bf6 23. Be4 Rf7 24. Bg6 Rb7 25. Bf4 Nf7 26. Rc1 Rd7 27. Rc8+
Bd8 28. Ra8 Kf8 29. Bc2 g5 30. Bb8 a5 31. Ba4 Rd2 32. Bb3 Ke7 33. Bc4 Kf6 34.
Ra6 Rc2 35. Bb3 Rc8 36. Ba7 Ra8 37. Ba4 Ne5 38. Bb5 Kf5 39. Kg2 Ke4 40. Be2 Kd5
41. a4 Nc6 42. Bb5 Nb4 0-1